Niekde benevolencia, inde aj ostrosť daňové povinnosti športovcov na Slovensku a vo svete

Rusko odpustilo zdaňovanie vládnych prémií medailistom z olympijských hier. Porovnanie zdaňovania príjmov športovcov v Rusku, USA a v Európe. Daňové povinnosti športovcov na Slovensku. Špecifiká zdaňovania slovenských športovcov.

Na minha lista:
Detalhes bibliográficos
Formato: Livro
Idioma:eslovaco
Assuntos:
Tags: Adicionar Tag
Sem tags, seja o primeiro a adicionar uma tag!

MARC

LEADER 00000nam a2200000 4500
001 r031404
005 20230824094948.4
041 0 |a slo 
044 |a SK 
245 1 0 |a Niekde benevolencia, inde aj ostrosť  |b daňové povinnosti športovcov na Slovensku a vo svete 
520 |a Rusko odpustilo zdaňovanie vládnych prémií medailistom z olympijských hier. Porovnanie zdaňovania príjmov športovcov v Rusku, USA a v Európe. Daňové povinnosti športovcov na Slovensku. Špecifiká zdaňovania slovenských športovcov. 
610 2 0 |a šport 
610 2 0 |a dane z príjmov 
610 2 0 |a dane 
610 2 0 |a povinnosť daňová 
610 2 0 |a Rusko 
610 2 0 |a Európa 
610 2 0 |a Slovensko